00930nam a2200265 a 4500001001000000003000900010005001700019008004100036010001400077040002200091082001800113100002400131245009700155246003000252260004200282300002100324504003400345650005800379650004200437650005700479650002600536650003300562650004600595700002300641000035966DO-SdBNP20180316153928.0111121s2004 dr ac 000 0 spa d a000035966 aBPMSUbspacBPMSU04a781.63bV434d1 aVelázquez, Carlos10aDe Santo Domingo al mundo el merengue y la bachata /cCarlos Velázquez, Alejandro Ureña. aEl merengue y la bachata 0 aNew York :bCarlos Publishing,c2004. a198 p. ;c24 cm. aBibliografía : p. 193 - 196 4aMERENGUE (MÚSICA)xHISTORIAzREPÚBLICA DOMINICANA 4aMERENGUE(MÚSICA)xCARIBE (REGIÓN) 4aBACHATA (MÚSICA)zREPÚBLICA DOMINICANAxHISTORIA 4aMÚSICOS DOMINICANOS 4aMÚSICA BAILABLE DOMINICANA 4aMÚSICA POPULAR zREPÚBLICA DOMINICANA12aUreña, Alejandro